Determinación de la conductividad térmica de tres verduras y cuatro frutas frescas cultivadas en Costa Rica
保存先:
| 第一著者: | |
|---|---|
| フォーマット: | 学位論文 図書 |
| 出版事項: |
San José, C.R.
2005
|
| 主題: | |
| タグ: |
タグ追加
タグなし, このレコードへの初めてのタグを付けませんか!
|
MARC
| LEADER | 00000nam a2200000Ia 4500 | ||
|---|---|---|---|
| 003 | 009643 | ||
| 005 | 20221231144126.0 | ||
| 008 | 140114s2005 cr a m 000 ||s d | ||
| 040 | |c cru CEDI | ||
| 090 | |a TFG 5177 | ||
| 100 | |a Castro Sandí, Mayobanex |9 5784 | ||
| 245 | |a Determinación de la conductividad térmica de tres verduras y cuatro frutas frescas cultivadas en Costa Rica | ||
| 260 | |c 2005 |a San José, C.R. | ||
| 300 | |a vi, 127 hojas : ilustraciones (algunas a color) | ||
| 500 | |a Proyecto de graduación (licenciatura en ingeniería química)--Universidad de Costa Rica. Facultad de Ingeniería. Escuela de Ingeniería | ||
| 502 | |a a | ||
| 650 | |x CONDUCTIVIDAD TERMICA |x INVESTIGACIONES |x PRODUCTOS AGRICOLAS |9 5785 | ||
| 942 | |c TFG | ||
| 999 | |c 17246 |d 17246 | ||
